Jeux Olympiques 1928 - Pays participants - Statistiques

Statistiques générales
  • Ce quiz a été pris 25 fois
  • Le résultat moyen est 46 sur 57
Réponses sur la Carte
Les réponses sont colorées sur une échelle allant du rouge au vert en fonction du pourcentage des utilisateurs qui les ont devinées à leur premier essai. Vous pouvez retrouver ces pourcentages ci-dessous.
 
Statistiques - réponses
Nombre d'athlètes Pays % Correct
295 Allemagne
100%
18 Australie
100%
69 Canada
100%
80 Espagne
100%
280 Etats-Unis
100%
231 France
100%
174 Italie
100%
43 Japon
100%
52 Norvège
100%
232 Royaume-uni
100%
100 Suède
100%
69 Finlande
96%
23 Grèce
96%
22 Inde
96%
Inde
96%
Inde
96%
Inde
96%
38 Irlande
96%
266 Pays-Bas
96%
32 Portugal
96%
133 Suisse
96%
24 Afrique du Sud
92%
Afrique du Sud
92%
187 Belgique
92%
30 Mexique
92%
66 Pologne
92%
31 Turquie
92%
81 Argentine
88%
73 Autriche
88%
91 Danemark
88%
10 Nouvelle-Zélande
88%
70 Tchécoslovaquie
88%
Tchécoslovaquie
88%
05 Bulgarie
79%
38 Chili
79%
109 Hongrie
79%
21 Roumanie
79%
32 Egypte
75%
20 Estonie
71%
48 Luxembourg
71%
22 Uruguay
67%
01 Cuba
63%
17 Lettonie
63%
12 Lituanie
63%
34 Yougoslavie
63%
Yougoslavie
63%
Yougoslavie
63%
Yougoslavie
63%
Yougoslavie
63%
Yougoslavie
63%
Yougoslavie
63%
07 Monaco
58%
01 Panama
54%
02 Haïti
50%
09 Malte
50%
04 Philippines
46%
02 Rhodésie
13%
Aucun quiz correspondant
Distribution des résultats
% des personnes avec chaque résultat
Percentile par nombre de réponses
Votre historique - résultats
Vous n’avez pas pris ce quiz